| 000 | 00000nam##2200000za#4500 |
| 001 | 9.570675 |
| 003 | CaOODSP |
| 005 | 20210624182345 |
| 007 | cr ||||||||||| |
| 008 | 150406|2006||||xxc|||||o f|0| 0 eng|d |
| 022 | |a1919-5087 |
| 040 | |aCaOODSP|beng |
| 043 | |an-cn--- |
| 086 | 1 |aFs70-6/2006-016E-PDF |
| 110 | 1 |aCanada. |bDepartment of Fisheries and Oceans. |bGulf Region. |
| 245 | 10|aStock assessment report on southern Gulf of St. Lawrence (4T) herring |h[electronic resource] |
| 246 | 1 |aGulf region - southern Gulf of St. Lawrence herring (4T) |
| 260 | |aDartmouth - Nova Scotia : |bFisheries and Oceans Canada. |cApril 2006. |
| 300 | |a12p.|bgraphs, illus., map, references, tables |
| 490 | 1 |aCanadian Science Advisory Secretariat science advisory report |x1919-5087|v2006/016, Gulf Region |
| 590 | |a11-15-Supp|b2011-08-22 |
| 775 | 08|tRapport d'évaluation du stock de hareng du sud du golfe du Saint-Laurent (4T) |w(CaOODSP)9.601322 |
| 830 | #0|aScience advisory report (Canadian Science Advisory Secretariat)|x1919-5087|v2006/016, Gulf Region|w(CaOODSP)9.506226 |
| 856 | 40|ahttp://publications.gc.ca|qPDF|s170 KB|uhttps://publications.gc.ca/collections/collection_2011/mpo-dfo/Fs70-6-2006-016-eng.pdf|y2006/016, Gulf Region |